000 02187nam2a2200277 4500
001 rc\4139170
005 20260118051604.0
035 _a(NLR Aleph) 007988428
090 _a8564014
_c8564014
100 _a20130415d1950 u y0rusy50 ca
101 0 _arus
_amul
102 _aRU
105 _ay g 000zy
200 1 _aОкисление сульфидов металлов кислородом
_eжурнальные статьи на русском и иностранных языках за 1935-50 гг.
_f[библиограф: Кричман Т. З.]
210 _d1950
215 _a3, [1] с.
_d29
316 _aНа обл. экз. РНБ (с337-420/О-50) над загл. рукоп. помета карандашом: Сульфиды металлов - Окисление кислородом
_5NLR
316 _aНа тит. с. экз. РНБ (с337-420/О-50) в вых. дан. дата 1949 исправлена на дату 1950
_5NLR
461 0 _1001RU\NLR\BIBL_A\022650605
_12001#$aБиблиографические списки по технической литературе$fВсесоюзное общество по распространению политических и научных знаний, Центральная политехническая библиотека, Информационно-библиографический отдел$vБибл. список № 8963
_913497876
_cМосква
_d1949-
_fВсесоюзное общество по распространению политических и научных знаний, Центральная политехническая библиотека, Информационно-библиографический отдел
_n[б. и.]
_tБиблиографические списки по технической литературе
_vБибл. список № 8963
517 0 _aСульфиды металлов - Окисление кислородом
702 1 _aКричман
_bТ. З.
_gТамара Зиновьевна
_4220
852 _aNLR
_jс337-420/О-50
942 _cBOOK
980 _aNB